[Event "Carlos Torre mem op"]
[Site "Merida"]
[Date "1997.??.??"]
[Round "3"]
[White "Navarro, Roberto"]
[Black "Urday, Henry"]
[Result "1-0"]
[WhiteElo "2335"]
[BlackElo "2445"]

1.e4 c5 2.Nf3 e6 3.d4 cxd4 4.Nxd4 a6 5.Nc3 Qc7 6.Bd3 Nf6 7.O-O b5 8.e5 Qxe5
9.Qf3 Bd6 10.g3 Ra7 11.Nf5 exf5 12.Bf4 Qc5 13.Bxd6 Qxd6 14.Qe3+ Kd8 15.Qxa7 f4
16.Bxb5 fxg3 17.hxg3 h5 18.Rad1 Qc7 19.Qxc7+ Kxc7 20.Bc4 h4 21.Bxf7 Nc6 22.Rfe1 d6
23.Nd5+ Nxd5 24.Bxd5 hxg3 25.fxg3 Bg4 26.Rd2 Ne5 27.Rh2 Re8 28.Rf1 Kb6 29.Rhf2 Kc5
30.Bg2 Nc4 31.b3 Ne3 32.Re1 Re5 33.Rf4 g5 34.Ra4 Bc8 35.Rxe3 Rxe3 36.Rc4+  1-0

[Event "Carlos Torre mem op"]
[Site "Merida"]
[Date "1997.??.??"]
[Round "7"]
[White "Navarro, Roberto"]
[Black "Aldama, Degurnay"]
[Result "0-1"]
[WhiteElo "2335"]
[BlackElo "2440"]

1.e4 c5 2.Nf3 e6 3.d4 cxd4 4.Nxd4 a6 5.Nc3 Qc7 6.Bd3 Nf6 7.O-O d6 8.a4 b6
9.Be3 Bb7 10.f4 Be7 11.Kh1 Nbd7 12.Qe2 O-O 13.Rae1 Nc5 14.Bg1 Rac8 15.Rf3 Rfe8
16.Rg3 Bf8 17.e5 dxe5 18.fxe5 Nxd3 19.Qxd3 Nh5 20.Rh3 Bxg2+ 21.Kxg2 Nf4+
22.Kf1 Nxd3 23.Rxd3 Red8 24.Re4 Qb7 25.Rg4 Rc5 26.Rg5 h6 27.Rh5 g6 28.Rg3 Bg7
29.Rh4 Rxe5  0-1

[Event "Metz op"]
[Site "Metz"]
[Date "1997.??.??"]
[Round "4"]
[White "Forthofer, Robert"]
[Black "Eingorn, Vereslav S"]
[Result "0-1"]
[WhiteElo "2100"]
[BlackElo "2595"]

1.e4 c5 2.Nf3 e6 3.d4 cxd4 4.Nxd4 a6 5.Nc3 Qc7 6.Be3 Bb4 7.Qd2 Nf6 8.Bd3 d5
9.exd5 Nxd5 10.Nde2 Nd7 11.O-O Nxe3 12.Qxe3 Qe5 13.Ne4 Bc5 14.Qg3 Qxg3 15.N2xg3 Be7
16.c3 Nb6 17.Rad1 Bd7 18.Bc2 O-O-O 19.Ne2 Kc7 20.Nd4 e5 21.Nf3 f6 22.h3 Bc6
23.Rfe1 Rxd1 24.Rxd1 Nc4 25.b3 Na3 26.Bd3 Rd8 27.Rd2 Rxd3  0-1

[Event "Minsk op"]
[Site "Minsk"]
[Date "1997.??.??"]
[Round "4"]
[White "Malisauskas, Vidmantas"]
[Black "Chernuschevich, Alexei"]
[Result "1-0"]
[WhiteElo "2530"]
[BlackElo "2425"]

1.e4 c5 2.Nc3 e6 3.Nf3 a6 4.d4 cxd4 5.Nxd4 Qc7 6.g3 Nf6 7.Bg2 d6 8.f4 Nc6
9.Be3 Bd7 10.O-O Be7 11.Nb3 b5 12.a3 Rd8 13.Qe2 Bc8 14.Rad1 Bb7 15.g4 h6
16.Nd4 Nxd4 17.Rxd4 e5 18.Rd3 exf4 19.Bxf4 Nd7 20.Nd5 Bxd5 21.exd5 Ne5 22.Bxe5 dxe5
23.Rc3 Qa7+ 24.Kh1 Bd6 25.Rc6 O-O 26.Be4 g6 27.c3 Kg7 28.Qf3 Be7 29.d6 Rxd6
30.Rxd6 Bxd6 31.Qf6+ Kg8 32.Qxd6 Qe3  1-0

[Event "Mondariz op"]
[Site "Mondariz"]
[Date "1997.??.??"]
[Round "?"]
[White "Galego, Luis"]
[Black "Damljanovic, Branko"]
[Result "0-1"]
[WhiteElo "2440"]
[BlackElo "2540"]

1.e4 c5 2.Nf3 e6 3.Nc3 a6 4.d4 cxd4 5.Nxd4 Qc7 6.Be2 Nc6 7.Nxc6 bxc6 8.O-O Nf6
9.f4 d5 10.e5 Nd7 11.Kh1 Be7 12.Qe1 O-O 13.Qg3 f5 14.exf6 Nxf6 15.Bf3 Bd6
16.Ne2 a5 17.Bd2 Ba6 18.Rfe1 Rae8 19.Nd4 Bc8 20.Re5 Qb6 21.Bc3 Bxe5 22.fxe5 Nd7
23.Bh5 c5 24.Nb3 a4 25.Bxe8 Rxe8 26.Nd2 Ba6 27.b3 Rf8 28.Nf3 Be2 29.Ng1 Bh5
30.Qh4 Bg6 31.Qxa4 Qc7 32.Qa6 Qb6 33.Qxb6 Nxb6 34.Bd2 Rf2 35.Nf3 Be4 36.Be3 Rxc2
37.Rc1 Rxc1+ 38.Bxc1 d4 39.a4 Nd7 40.Nd2 Bd5 41.Ba3 Kf7 42.Kg1 Ke8 43.h4 Kd8
44.Kh2 Kc7 45.Kg3 Kc6 46.Kf4 Bxg2 47.b4 Kd5 48.bxc5 Nxe5 49.a5 Nc6 50.a6 e5+
51.Kg3 Be4 52.Bb4 Bd3  0-1

[Event "Mondariz op"]
[Site "Mondariz"]
[Date "1997.??.??"]
[Round "?"]
[White "Reinaldo Castineira, Roi"]
[Black "Sanchez Quiroga, Miguel Angel"]
[Result "1-0"]
[WhiteElo "2265"]
[BlackElo "2215"]

1.e4 c5 2.Nf3 e6 3.d4 cxd4 4.Nxd4 a6 5.Nc3 Qc7 6.Bd3 Nf6 7.O-O Bc5 8.Be3 d6
9.Qe2 Nbd7 10.Nb3 Bxe3 11.Qxe3 O-O 12.a4 b6 13.f4 Bb7 14.Rae1 e5 15.Qh3 exf4
16.Rxf4 d5 17.Rh4 Rfe8 18.Re3 dxe4 19.Nxe4 h6 20.Rxh6 gxh6 21.Rg3+ Kf8 22.Qxh6+ Ke7
23.Nxf6 Nxf6 24.Re3+ Be4 25.Bxe4 Nxe4 26.Rxe4+ Kd7 27.Qh3+ Kd6 28.Qd3+  1-0

[Event "Mondariz op"]
[Site "Mondariz"]
[Date "1997.??.??"]
[Round "?"]
[White "Arizmendi Martinez, Julen Luis"]
[Black "Sanchez Quiroga, Miguel Angel"]
[Result "1-0"]
[WhiteElo "2470"]
[BlackElo "2215"]

1.e4 c5 2.Nc3 e6 3.Nf3 a6 4.d4 cxd4 5.Nxd4 Qc7 6.g3 Bb4 7.Ne2 Nf6 8.Bg2 Be7
9.O-O d6 10.b3 Nc6 11.Bb2 b5 12.Nf4 O-O 13.a4 b4 14.Nb1 Bb7 15.Nd2 Ne5 16.Re1 Rfc8
17.Rc1 Bd8 18.Nd3 Nxd3 19.cxd3 Qd7 20.Nc4 d5 21.Bxf6 gxf6 22.Qg4+ Kh8 23.exd5 Bxd5
24.Qd4 Qa7 25.Qxa7 Rxa7 26.Bxd5 exd5 27.Nd6 Rxc1 28.Rxc1 Kg7 29.g4 Kg6 30.h4 h5
31.f3 Bb6+ 32.Kf1 Bd4 33.Rc8 Bc3 34.Nf5 hxg4 35.fxg4 Be5 36.d4 Bf4 37.Ke2 Kh7
38.Rc6 Kg6 39.Kf3 Bd2 40.h5+ Kg5 41.Rc8  1-0

[Event "Mondariz op"]
[Site "Mondariz"]
[Date "1997.??.??"]
[Round "?"]
[White "Korneev, Oleg"]
[Black "Damljanovic, Branko"]
[Result "1-0"]
[WhiteElo "2565"]
[BlackElo "2540"]

1.e4 c5 2.Nf3 e6 3.d4 cxd4 4.Nxd4 a6 5.Nc3 Qc7 6.Bd3 Nc6 7.Be3 Nf6 8.O-O Ne5
9.h3 Bc5 10.f4 Ng6 11.Qf3 d6 12.Kh1 O-O 13.Rae1 e5 14.Nde2 Bxe3 15.Qxe3 exf4
16.Nxf4 Be6 17.Nxg6 hxg6 18.e5 dxe5 19.Qxe5 Qxe5 20.Rxe5 Nd7 21.Re3 Nc5 22.Be2 Rfd8
23.b4 Nd7 24.Bf3 Nf6 25.Bxb7 Rab8 26.Bxa6 Rxb4 27.a4 Rd2 28.Re2 Rd6 29.Bb5 Bc4
30.Rf4 Bxb5 31.Rxb4 Bxe2 32.Nxe2 Rd2 33.Nd4 g5 34.a5 g4 35.a6 Rd1+ 36.Kh2 Ra1
37.Rb6 Nd5 38.Nb3 Ra2 39.Rd6 Nc7 40.hxg4 Rxc2 41.Rd8+ Kh7 42.Rc8 Rc3 43.Na5 Rc5
44.Nb7  1-0

[Event "Moravia-chT 9697"]
[Site "?"]
[Date "1997.??.??"]
[Round "?"]
[White "Babula, Milan"]
[Black "Vavra, Pavel"]
[Result "1/2-1/2"]
[WhiteElo "2295"]
[BlackElo "2390"]

1.e4 c5 2.Nf3 e6 3.d4 cxd4 4.Nxd4 a6 5.Nc3 Qc7 6.g3 Nf6 7.Bg2 Be7 8.O-O d6
9.Be3 O-O 10.a4 Nc6 11.Nxc6 bxc6 12.a5 Nd7 13.Na4 Rb8 14.Nb6 c5 15.Nc4 Rd8
16.Bf4 Ne5 17.Bxe5 dxe5 18.Qh5 f6 19.Rfd1 Bd7 20.Nb6 Be8 21.Qg4 Qc6 22.Bf1 h5
23.Qe2 Rxd1 24.Rxd1 Bd8 25.Nc4  1/2-1/2

[Event "Moravia-chT 9697"]
[Site "?"]
[Date "1997.??.??"]
[Round "?"]
[White "Fuksik, Jakub"]
[Black "Vavra, Pavel"]
[Result "0-1"]
[WhiteElo "2255"]
[BlackElo "2390"]

1.e4 c5 2.Nf3 e6 3.d4 cxd4 4.Nxd4 a6 5.Nc3 Qc7 6.g3 Nf6 7.Bg2 Be7 8.O-O d6
9.Be3 Nc6 10.f4 Bd7 11.Kh1 Nxd4 12.Bxd4 Bc6 13.a4 O-O 14.Be3 b5 15.Qd3 b4
16.Nd1 Qb7 17.Nf2 d5 18.exd5 Bxd5 19.Bxd5 Qxd5+ 20.Kg1 Rfc8 21.Bd4 Qc4 22.c3 bxc3
23.bxc3 Rab8 24.Be5 Rb2 25.Qxc4 Rxc4 26.Rfb1 Rxa4 27.Rxa4 Rxb1+ 28.Kg2 Rb6
29.Bd4 Rc6 30.Nd3 Nd7 31.Nb4 Bxb4 32.Rxb4 f6 33.Rb7 Nc5 34.Ra7 Ne4 35.Kf1 h5
36.Ke2 Nxc3+ 37.Bxc3 Rxc3 38.Rxa6 Kf7 39.Ra2 h4 40.Kf2 Kg6 41.Kg2 Kf5 42.Ra7 hxg3
43.hxg3 g6 44.Rf7 g5 45.fxg5 Kxg5 46.Rf8 e5 47.Rg8+ Kf5 48.Rf8 e4 49.Re8 Rc2+
50.Kf1 Rc3 51.Kf2 Rc5 52.Ke3 Rc2 53.g4+ Kxg4 54.Rxe4+ Kg5 55.Ra4 Rb2 56.Kf3 Rb3+
57.Kf2 f5 58.Rc4 Rb2+ 59.Kf3 Rh2 60.Ra4 Rh3+ 61.Kg2 Re3 62.Kf2 Rb3 63.Rc4 Rb2+
64.Kf3 Rh2 65.Kg3 Rh1 66.Kg2 Ra1 67.Kf2 Ra5 68.Rb4 Re5 69.Ra4 f4 70.Ra8 Kf5
71.Kf3 Re3+ 72.Kf2 Rb3 73.Rf8+ Ke4 74.Re8+ Kf5 75.Rf8+ Kg4 76.Rg8+ Kf5 77.Rf8+ Ke4
78.Re8+  0-1

[Event "Kasparov Cup"]
[Site "Moscow"]
[Date "1997.??.??"]
[Round "?"]
[White "Sedlak, Nicola"]
[Black "Gratka, Krzysztof"]
[Result "1-0"]
[WhiteElo "2080"]
[BlackElo "2275"]

1.e4 c5 2.Nf3 e6 3.d4 cxd4 4.Nxd4 a6 5.Nc3 Qc7 6.Bd3 Nf6 7.O-O Nc6 8.Be3 Bd6
9.h3 O-O 10.Nb3 Bf4 11.Qd2 Bxe3 12.Qxe3 d6 13.f4 b5 14.Kh1 Bb7 15.Rad1 Rad8
16.a4 b4 17.Ne2 Na5 18.Nxa5 Qxa5 19.b3 Qc5 20.Qf3 Rfe8 21.Ng3 a5 22.Rde1 Nd7
23.Qg4 Qd4 24.Nh5 g6 25.Ng3 Kh8 26.Bb5 f5 27.Qe2 Rg8 28.Rd1 Qc5 29.Bc4 Rde8
30.Qd2 fxe4 31.Rfe1 Nb6 32.Bb5 Rc8 33.Nxe4 Qxc2 34.Nxd6 Qxd2 35.Rxd2 Rc7
36.Nxb7 Rxb7 37.Rxe6 Na8 38.Ra6 Nc7 39.Rxa5 Ne6 40.Bc4 Re7 41.Re5  1-0

[Event "Moscow-ch"]
[Site "Moscow"]
[Date "1997.??.??"]
[Round "2"]
[White "Bachin, Mikhail"]
[Black "Lastin, Alexander"]
[Result "0-1"]
[WhiteElo "2310"]
[BlackElo "2535"]

1.e4 c5 2.Nf3 e6 3.d4 cxd4 4.Nxd4 a6 5.Nc3 Qc7 6.Be2 Nc6 7.O-O Nf6 8.Be3 Bb4
9.Nxc6 bxc6 10.Bf3 O-O 11.Na4 a5 12.c4 Ba6 13.Qc2 d5 14.c5 Bxf1 15.Rxf1 dxe4
16.Be2 Nd5 17.a3 f5 18.axb4 f4 19.Bd2 f3 20.Bc4 fxg2 21.Kxg2 Qe5 22.Nb6 Rad8
23.Bxd5 exd5 24.Qc3 d4 25.Qg3 Qe6 26.Qh3 Rf5 27.bxa5 Rdf8 28.Kh1 e3 29.Be1 d3
30.Bc3 Qe4+ 31.Qg2 Qxg2+ 32.Kxg2 Rxf2+ 33.Rxf2 Rxf2+  0-1

[Event "Moscow-ch"]
[Site "Moscow"]
[Date "1997.??.??"]
[Round "5"]
[White "Zaitsev, Igor A"]
[Black "Shaposhnikov, Evgeny"]
[Result "1/2-1/2"]
[WhiteElo "2450"]
[BlackElo "2370"]

1.e4 c5 2.Nf3 e6 3.Nc3 a6 4.d4 cxd4 5.Nxd4 Qc7 6.g3 Bb4 7.Bd2 Nf6 8.Bg2 Be7
9.O-O Nc6 10.Nxc6 bxc6 11.Re1 d6 12.e5 dxe5 13.Rxe5 Bb7 14.Re2 Rd8 15.Qe1 c5
16.Ne4 Bxe4 17.Ba5 Qc6 18.Rxe4 Nxe4 19.Bxe4 Qc8 20.Bxd8 Bxd8 21.Rd1 O-O 22.Qe2 Be7
23.Qc4 Rd8 24.Rxd8+ Bxd8 25.b4 Be7 26.a4 g6 27.a5 Qc7 28.b5 axb5 29.Qxb5 c4
30.Bc6 Bf6 31.Qc5 Be7 32.Qb6 Qe5 33.a6 Bc5 34.Qd8+ Kg7 35.Qd1 Bb6 36.Bb7 c3
37.Kg2 Qc5 38.Qf3 f5  1/2-1/2

[Event "Moscow-ch"]
[Site "Moscow"]
[Date "1997.??.??"]
[Round "6"]
[White "Vorobiov, Evgeny E"]
[Black "Shaposhnikov, Evgeny"]
[Result "1-0"]
[WhiteElo "2435"]
[BlackElo "2370"]

1.e4 c5 2.Nf3 e6 3.Nc3 a6 4.d4 cxd4 5.Nxd4 Qc7 6.Bd3 Nf6 7.Be3 Nc6 8.O-O Ne5
9.h3 Bc5 10.Be2 Ng6 11.f4 d6 12.Qd2 O-O 13.Bd3 b5 14.Qf2 Qa7 15.Kh1 Nxf4
16.Bxf4 Bxd4 17.Qh4 Be5 18.Bxe5 dxe5 19.Rxf6 b4 20.Nd5 exd5 21.exd5 g6 22.Qxb4 Rb8
23.Qd6 Rxb2 24.Qxe5 Qb7 25.Bxa6 Qb4 26.Bxc8 Rxc8 27.Rxf7 Kxf7 28.Rf1+ Kg8
29.Qe6+ Kg7 30.Rf7+ Kh6 31.Qe3+ g5 32.Qe6+  1-0

[Event "JUG-chT"]
[Site "Niksic"]
[Date "1997.??.??"]
[Round "7"]
[White "Dabetic, Radojica"]
[Black "Pikula, Dejan"]
[Result "1/2-1/2"]
[WhiteElo "2315"]
[BlackElo "2465"]

1.e4 c5 2.Nf3 e6 3.d4 cxd4 4.Nxd4 a6 5.Nc3 Qc7 6.Be2 Nf6 7.O-O d6 8.f4 Be7
9.Be3 O-O 10.Kh1 b5 11.a3 Bb7 12.Bf3 Nbd7 13.Qe1 Rfe8 14.Rd1 Bf8 15.Qg3 Nc5
16.e5 Nfe4 17.Nxe4 Nxe4 18.Bxe4 Bxe4 19.c3 Rad8 20.Rf2 dxe5 21.fxe5 Rd5 22.Bf4 Red8
23.Rdf1 Bg6 24.Bg5 Rc8 25.Bf4 a5 26.Re1 b4 27.axb4 axb4 28.Bd2 Rcd8 29.Qe3 Bc5
30.Rf4 Qb6 31.h3 h5 32.Qg3 Qa6 33.Nb3 Bb6 34.Be3 bxc3 35.bxc3 Rd3 36.Rf3 Rxc3
37.Bxb6 Rxf3 38.Qxf3 Qxb6 39.Nc1 Kh7 40.Ne2 Rd3 41.Qf1 Rd2 42.Qf3 Qb2 43.Ng1 Qd4
44.Qe3 Qxe3 45.Rxe3 Bd3 46.Nf3 Rd1+ 47.Kh2 Kh6 48.Kg3 g5 49.h4 g4 50.Re1 Rxe1
51.Nxe1 Bb1 52.Kf4 Kg6 53.g3  1/2-1/2

[Event "Nova Gorica op"]
[Site "Nova Gorica"]
[Date "1997.??.??"]
[Round "7"]
[White "Drei, Andrea"]
[Black "Sale, Srdjan"]
[Result "0-1"]
[WhiteElo "2305"]
[BlackElo "2425"]

1.e4 c5 2.Nf3 e6 3.d4 cxd4 4.Nxd4 a6 5.Nc3 Qc7 6.Be2 Nc6 7.O-O Nf6 8.Kh1 Bb4
9.Nxc6 bxc6 10.f4 d6 11.Na4 d5 12.e5 Nd7 13.Be3 Be7 14.c4 O-O 15.Rc1 Qd8
16.Bd3 Rb8 17.cxd5 cxd5 18.Ba7 Ra8 19.Bd4 g6 20.g4 Bb7 21.Qe2 Qa5 22.b3 Rfc8
23.Rxc8+ Rxc8 24.f5 Bg5 25.h4 Bxh4 26.fxe6 fxe6 27.g5 Bxg5 28.Qg4 Qd2 29.Qxe6+ Kh8
30.Qh3 Rc1 31.Rxc1 Qxc1+ 32.Qf1 Qxf1+ 33.Bxf1 Kg8 34.Bh3 Bc6 35.Nc3 Nc5 36.Kg1 Be7
37.Kf2 Kf7 38.Bg2 Ne6 39.Be3 d4 40.Bxc6 dxc3 41.Ke2 Bc5 42.Be4 h5 43.Bxc5 Nxc5
44.Bc2 a5 45.a3 g5 46.b4 axb4 47.axb4 Na6 48.Bb3+ Ke7 49.b5 Nc5 50.Bd5 c2  0-1

[Event "RUS-chT"]
[Site "Orel"]
[Date "1997.??.??"]
[Round "?"]
[White "Nikitin, Andrey"]
[Black "Kobalija, Mihail"]
[Result "0-1"]
[WhiteElo "2480"]
[BlackElo "2545"]

1.e4 c5 2.Nf3 e6 3.Nc3 a6 4.d4 cxd4 5.Nxd4 Qc7 6.Bd3 Nc6 7.Be3 Nf6 8.O-O Bd6
9.h3 Bf4 10.Bxf4 Qxf4 11.Nb3 b5 12.Qe2 Qc7 13.Rad1 O-O 14.f4 d6 15.a3 Bb7
16.g4 b4 17.axb4 Nxb4 18.Qf2 Nd7 19.Rd2 e5 20.Rfd1 exf4 21.Bf1 Ne5 22.Rxd6 Rac8
23.R6d2 Nxc2 24.Rxc2 Bxe4 25.Re2 Nd3 26.Rxd3 Bxd3 27.Re1 Bxf1 28.Rxf1 Rfd8
29.Nd2 Rd3 30.Nde4 f3 31.Ng5 h5 32.gxh5  0-1

[Event "Orel"]
[Site "Orel"]
[Date "1997.??.??"]
[Round "?"]
[White "Goloshchapov, Alexander"]
[Black "Bragin, A."]
[Result "1-0"]
[WhiteElo "2455"]
[BlackElo "2395"]

1.e4 c5 2.Nf3 e6 3.d4 cxd4 4.Nxd4 a6 5.Nc3 Qc7 6.Be2 b5 7.O-O Bb7 8.Re1 b4
9.Na4 Bxe4 10.Bf3 d5 11.c4 bxc3 12.Nxc3 Nf6 13.Bg5 Nbd7 14.Nxe4 dxe4 15.Bxe4 Nxe4
16.Rxe4 Nc5 17.Re3 Be7 18.Bxe7 Qxe7 19.b4 Nb7 20.Qa4+ Kf8 21.Rc1 g6 22.Rec3 Kg7
23.Rc7 Qf6 24.Qd7 Nd8 25.R1c3 Rf8 26.h3 e5 27.Rf3 Qb6 28.Nc6 e4 29.Rf4 Kg8
30.Ne7+ Kg7 31.Rxe4 Qf6 32.Nd5 Qa1+ 33.Kh2 Qxa2 34.Qd6  1-0

[Event "Orense op"]
[Site "Orense"]
[Date "1997.??.??"]
[Round "4"]
[White "Kolev, Atanas"]
[Black "Paramos Dominguez, Roberto"]
[Result "1-0"]
[WhiteElo "2530"]
[BlackElo "2405"]

1.e4 c5 2.Nf3 e6 3.d4 cxd4 4.Nxd4 a6 5.Nc3 Qc7 6.Be2 Nf6 7.O-O Bb4 8.Qd3 Nc6
9.Kh1 O-O 10.Bg5 Bxc3 11.bxc3 Ne5 12.Qe3 Neg4 13.Bxg4 Nxg4 14.Qh3 f6 15.Qxg4 fxg5
16.Qxg5 Qxc3 17.Rad1 Qc4 18.f4 d6 19.Rf3 Bd7 20.Qe7 e5 21.fxe5 Bg4 22.Nf5 Rf7
23.Qxd6 Bxf3 24.gxf3 Re8 25.Rg1 Kh8 26.Qd2 Qc6 27.Nd6 Rd7 28.Qf4 Ra8 29.Qf5 Qc7
30.c4 Re7 31.Qf4 Kg8 32.Qg5 Rf8 33.f4 Re6 34.Nf5 g6 35.Ne3 b5 36.Qg4 Ree8
37.cxb5 axb5 38.Nd5 Qb7 39.Qg2 Kh8 40.Nf6 Rd8 41.h4 b4 42.h5 gxh5 43.f5 Qe7
44.Qg5 Ra8 45.Qf4 Qf7 46.Qh6 Qe7 47.Qf4 Qf7 48.Qh6 Qe7 49.Rd1 Rfd8 50.Rd6 b3
51.axb3 Ra1+ 52.Kg2 Ra2+ 53.Kf3 Rc8 54.Nd5 Qxe5 55.Qf6+ Qxf6 56.Nxf6 Kg7
57.Nxh5+ Kf7 58.Rd7+ Ke8 59.Rxh7 Rc3+ 60.Kf4 Rxb3 61.Nf6+ Kd8 62.Nd5 Ra4
63.f6 Rb1 64.f7 Rf1+ 65.Ke5  1-0

[Event "CZE-ch (Women)"]
[Site "Ostrava"]
[Date "1997.??.??"]
[Round "6"]
[White "Jackova, Jana"]
[Black "Cejkova, Miroslava"]
[Result "1-0"]
[WhiteElo "2245"]
[BlackElo "2085"]

1.e4 c5 2.Nf3 a6 3.Nc3 e6 4.d4 cxd4 5.Nxd4 Qc7 6.Bd3 b5 7.O-O Bb7 8.Kh1 Nc6
9.Be3 Nf6 10.a3 Be7 11.f4 h5 12.Be2 Nxd4 13.Qxd4 Rc8 14.Rad1 Bc5 15.Qd3 d5
16.Bxc5 Qxc5 17.e5 Nd7 18.Ne4 Qxc2 19.Nd6+ Ke7 20.Nxc8+ Rxc8 21.b4 Qxd3 22.Rxd3 g6
23.Bf3 Nb6 24.Kg1 Rc2 25.Rf2 Rc1+ 26.Rd1 Rc3 27.Ra2 Bc6 28.Be2 Kd7 29.Kf2 Na4
30.Rdd2 Nb6 31.Rdc2 Rb3 32.Ra1 Nc4 33.g3 Kc7 34.Rca2 Kb6 35.Bd1 Rb2+ 36.Rxb2 Nxb2
37.Ke3 a5 38.Kd4 a4 39.Be2 Nc4 40.Bxc4 dxc4 41.Rg1 Bf3 42.h3 Kc6 43.Ke3 Bd5
44.g4 hxg4 45.hxg4 Kd7 46.Kd4 Kc6 47.Rg3 Kb6 48.f5 gxf5 49.gxf5 c3 50.Rxc3 Bb3
51.f6 Bd1 52.Rh3 Bc2 53.Rh8  1-0

[Event "RUS-ch sf"]
[Site "Perm"]
[Date "1997.??.??"]
[Round "3"]
[White "Kalegin, Evgenij"]
[Black "Kozlov, Oleg"]
[Result "1/2-1/2"]
[WhiteElo "2485"]
[BlackElo "2380"]

1.e4 c5 2.Nf3 e6 3.Nc3 a6 4.d4 cxd4 5.Nxd4 b5 6.Bd3 Bb7 7.O-O Nf6 8.a3 d6
9.b4 g6 10.Qe2 Bg7 11.a4 Nfd7 12.Be3 bxa4 13.Nxa4 O-O 14.c4 Ne5 15.Rad1 Qc7
16.c5 Nxd3 17.Qxd3 dxc5 18.Nxc5 Nc6 19.Nxb7 Nxb4 20.Nxe6 Qxb7 21.Nc5 Nxd3
22.Nxb7 Nb2 23.Rd5 Nc4 24.Bd4 a5 25.Bxg7 Kxg7 26.Rc5 Rfb8 27.Rxc4 Rxb7 28.Ra4 Rb4
29.Rfa1 Rxa4 30.Rxa4 Kf6 31.Kf1 Ke5 32.Ke2 Kd6 33.Kd3 Kc5 34.Rc4+ Kb6 35.Kc3 Rd8
36.e5 Rd7 37.Rh4 h5 38.Rf4 Kc5 39.Rf6 Re7 40.f4 Kd5 41.Ra6 Ke4 42.g3 h4 43.Rxa5 hxg3
44.hxg3 Kf3 45.Ra6 Kxg3 46.Rf6  1/2-1/2

[Event "PER-ch U26"]
[Site "Peru"]
[Date "1997.??.??"]
[Round "2"]
[White "Salazar, Carlos"]
[Black "Esplana, Christian"]
[Result "0-1"]
[WhiteElo "2270"]
[BlackElo "2055"]

1.e4 c5 2.Nf3 e6 3.d4 cxd4 4.Nxd4 a6 5.Nc3 Qc7 6.Bd3 Nf6 7.O-O Nc6 8.Be3 Be7
9.Qe2 O-O 10.f4 d6 11.Nb3 b5 12.a3 Bb7 13.g4 Rfe8 14.g5 Nd7 15.Rae1 Bf8 16.Rf3 g6
17.h4 b4 18.axb4 Nxb4 19.h5 Nxd3 20.cxd3 d5 21.Rh3 dxe4 22.dxe4 Bg7 23.Rc1 Rac8
24.Qh2 Qd6 25.hxg6 hxg6 26.Rd1 Qe7 27.e5 Qb4 28.Rxd7 Qxb3 29.Rh7 Red8 30.Rd6 Qc4
31.Rxg7+ Kxg7 32.Qd2 Rh8  0-1

[Event "Polanica Zdroj op"]
[Site "Polanica Zdroj"]
[Date "1997.??.??"]
[Round "9"]
[White "Dabrowska, Krystyna"]
[Black "Eljanov, Vladimir"]
[Result "1-0"]
[WhiteElo "2225"]
[BlackElo "2320"]

1.e4 c5 2.Nf3 e6 3.d4 cxd4 4.Nxd4 a6 5.Nc3 Qc7 6.Be2 Nf6 7.O-O Nc6 8.Kh1 Be7
9.f4 d6 10.a4 O-O 11.g4 d5 12.exd5 Nxd4 13.Qxd4 Rd8 14.Bf3 Nxd5 15.Nxd5 exd5
16.Re1 Bc5 17.Qe5 Bd6 18.Qxd5 Bxg4 19.Bxg4 Bb4 20.Qe4 Bxe1 21.Qxe1 Qc6+ 22.Kg1 Re8
23.Qg3 Qxc2 24.f5 Qc5+ 25.Kg2 Qd5+ 26.Qf3 Re2+ 27.Kh3 Qxf3+ 28.Bxf3 Re1 29.b3 Rc8
30.Bb2 Re3 31.Kg3 Rxb3 32.Bd4 Rc4 33.Re1 h6 34.Re8+ Kh7 35.Be3 Ra3 36.Re7 Rcxa4
37.Bh5 Ra5 38.Kg4 R3a4+ 39.Bf4 Rc5 40.Bxf7 h5+ 41.Kxh5 Rc8 42.Kg5 Ra1 43.Bg6+ Kg8
44.Be5 Rg1+ 45.Kh5 b5 46.Rxg7+ Kf8 47.Ra7 Rc2 48.f6 Rxg6 49.Kxg6  1-0

[Event "POL-ch sf"]
[Site "Poraj "]
[Date "1997.??.??"]
[Round "2"]
[White "Blehm, Pawel"]
[Black "Kaszowski, Dariusz"]
[Result "1-0"]
[WhiteElo "2420"]
[BlackElo "2245"]

1.e4 c5 2.Nf3 e6 3.d4 cxd4 4.Nxd4 a6 5.Nc3 Qc7 6.Bd3 Nf6 7.f4 Bc5 8.Nb3 Bb4
9.O-O Bxc3 10.bxc3 d6 11.Ba3 Nbd7 12.Qe1 b6 13.Nd2 Nc5 14.e5 dxe5 15.fxe5 Nd5
16.Ne4 Qxe5 17.Rf5  1-0

[Event "POL-ch sf"]
[Site "Poraj "]
[Date "1997.??.??"]
[Round "8"]
[White "Pekacki, Stanislaw"]
[Black "Helis, Tadeusz"]
[Result "0-1"]
[WhiteElo "2070"]
[BlackElo "2230"]

1.e4 c5 2.Nf3 e6 3.d4 cxd4 4.Nxd4 a6 5.Nc3 Nf6 6.Be2 Qc7 7.O-O Bb4 8.Qd3 Nc6
9.Nxc6 dxc6 10.Bg5 Be7 11.Qg3 Qxg3 12.hxg3 e5 13.Rad1 h6 14.Be3 Bb4 15.f3 Be6
16.a3 Be7 17.Na4 Nd7 18.Nb6 Rd8 19.Nc4 Bxc4 20.Bxc4 O-O 21.Kf2 Bc5 22.b4 Bxe3+
23.Kxe3 Rfe8 24.Bb3 Kf8 25.Rd3 Ke7 26.Rfd1 f6 27.f4 Nb6 28.Rxd8 Rxd8 29.Rxd8 Kxd8
30.f5 Kc7 31.a4 c5 32.c3 cxb4 33.cxb4 Nc8 34.Kd3 b6 35.Bd5 Nd6 36.Kc3 Kd7
37.Kd3 Ke7 38.Ke3 a5 39.Kd3 h5 40.bxa5 bxa5 41.Bb3 Kd7 42.Bd5 Kc7 43.Bb3 Kb6
44.Bc2 Kc5 45.Kc3 Nc4 46.Bd1 Ne3 47.Bxh5 Nf1 48.Kd3 Nxg3 49.Be8 Kb4 50.Ke3 Kc3
51.Bb5 Nh5 52.Be2 Nf4 53.Bf1 g5 54.g4 Kc2 55.Bb5 Kd1 56.Bc4 Ng2+ 57.Kf3 Ne1+
58.Ke3 Nc2+ 59.Kd3 Nd4 60.Ba2 Ke1 61.Kc4 Ke2 62.Kd5 Kf3 63.Kd6 Kxg4 64.Ke7 Kf4
65.Kxf6 g4 66.Ke7 Nxf5+ 67.exf5 Kxf5 68.Bc4 g3 69.Bf1 e4  0-1

[Event "Portoroz op"]
[Site "Portoroz"]
[Date "1997.??.??"]
[Round "?"]
[White "Daels, Marc"]
[Black "Ilijin, Neboisa"]
[Result "1-0"]
[WhiteElo "2245"]
[BlackElo "2290"]

1.e4 c5 2.Nf3 e6 3.d4 cxd4 4.Nxd4 a6 5.Nc3 b5 6.Bd3 Bb7 7.Qe2 Nc6 8.Nxc6 Bxc6
9.O-O Nf6 10.e5 Nd5 11.Nxd5 Bxd5 12.a4 Qa5 13.Bd2 b4 14.Qg4 g6 15.b3 Be7
16.Bh6 Bb7 17.Rfe1 Qc5 18.Rad1 Bf8 19.Bxf8 Kxf8 20.Qh4 Qe7 21.Qh6+ Ke8 22.Qg7 Qf8
23.Qf6 Rc8 24.Be4 Bxe4 25.Rxe4 Rg8 26.Red4 Rd8 27.Rd6 a5 28.Ra6 Qc5 29.Rxd7 Kxd7
30.Qxf7+ Qe7 31.Rd6+  1-0

[Event "Portoroz op"]
[Site "Portoroz"]
[Date "1997.??.??"]
[Round "?"]
[White "Riegler, Primoz"]
[Black "Bednarich, Jan"]
[Result "1/2-1/2"]
[WhiteElo "2325"]
[BlackElo "2170"]

1.e4 c5 2.Nf3 e6 3.d4 cxd4 4.Nxd4 a6 5.Nc3 Qc7 6.Bd3 Nf6 7.O-O Nc6 8.Be3 Ne5
9.Be2 d6 10.f4 Nc4 11.Bxc4 Qxc4 12.Qf3 Be7 13.e5 Nd7 14.exd6 Bxd6 15.Ne4 Be7
16.b3 Qc7 17.f5 Nf6 18.fxe6 fxe6 19.Ng5 Qe5 20.Nc6 bxc6 21.Qxc6+ Kf8 22.Qxa8 Qxe3+
23.Kh1 Qc3 24.Nxe6+ Kf7 25.Ng5+ Kg6 26.Ne4 Qc7 27.Nxf6 Bxf6 28.Qe4+ Kf7 29.Rae1 h5
30.c4 h4 31.Qd5+ Kg6 32.Qe4+ Kf7  1/2-1/2

[Event "SVK-ch"]
[Site "Presov"]
[Date "1997.??.??"]
[Round "3"]
[White "Khmelnitsky, Sergei"]
[Black "Bakalar, Jan"]
[Result "1-0"]
[WhiteElo "2305"]
[BlackElo "2130"]

1.e4 c5 2.Nf3 e6 3.d4 cxd4 4.Nxd4 a6 5.Nc3 Qc7 6.Bd3 Nc6 7.Nxc6 bxc6 8.O-O Nf6
9.f4 Bc5+ 10.Kh1 d6 11.Qe2 e5 12.fxe5 dxe5 13.Be3 Be7 14.Bg1 a5 15.h3 h5
16.Nd1 h4 17.Bh2 Nh5 18.Bc4 f6 19.Ne3 g5 20.Nf5 Bxf5 21.exf5 O-O-O 22.Rf3 a4
23.Rc3 Qa5 24.Bf7 Ng3+ 25.Bxg3 hxg3 26.Qe4 c5 27.Qc6+ Kb8 28.Bd5 Qa7 29.Rxg3 Rd6
30.Qb5+ Rb6 31.Qd3 Rd8 32.c4 Rxb2 33.Qd1 Kc7 34.Rd3 e4 35.Re3 Bd6 36.Rxe4 Be5
37.Qe1 Qb6 38.Rxe5 fxe5 39.Qxe5+ Rd6 40.f6 Rb1+ 41.Rxb1 Qxb1+ 42.Kh2 Qb8
43.f7 Kd7 44.Bc6+ Kc7 45.Be8  1-0

[Event "SVK-ch"]
[Site "Presov"]
[Date "1997.??.??"]
[Round "5"]
[White "Salai, Ladislav"]
[Black "Rogovski, Vladimir"]
[Result "0-1"]
[WhiteElo "2460"]
[BlackElo "2455"]

1.e4 c5 2.Nf3 e6 3.d4 cxd4 4.Nxd4 a6 5.Nc3 Qc7 6.Bd3 Nc6 7.Nb3 Nf6 8.O-O Be7
9.f4 d6 10.Qf3 O-O 11.Be3 b5 12.g4 g6 13.g5 Nh5 14.Rae1 b4 15.Ne2 Bb7 16.Ned4 Nxd4
17.Nxd4 e5 18.Nf5 Nxf4 19.Nxe7+ Qxe7 20.Bxf4 exf4 21.Qxf4 Rac8 22.Qf6 Qc7
23.Qd4 Rfe8 24.Rf6 Re5 25.Qxd6 Rxg5+ 26.Kf1 a5 27.Qxc7 Rxc7 28.Rb6 Re5 29.Kf2 Kg7
30.Ke3 Rce7 31.Kd4 Rh5 32.Re2 Rh4 33.Rb5 f5 34.Kc5 Bxe4 35.Rxa5 Re5+ 36.Kb6 Re6+
37.Kc7 Kf6 38.Ra6 g5 39.Rxe6+ Kxe6 40.Kb6 Kd5 41.Ba6 Kd4 42.a4 bxa3 43.c3+ Ke5
44.bxa3 f4 45.c4 f3 46.Rd2 Rh6+ 47.Ka5 Kf4 48.c5 Ke3 49.Rb2 f2 50.Bf1 Rxh2
51.Re2+ Kf3 52.Rxe4 Rh1 53.Bd3 Rd1 54.Rd4 Ke3  0-1

[Event "CRO-Cup"]
[Site "Pula"]
[Date "1997.??.??"]
[Round "?"]
[White "Orak, Ljubomir"]
[Black "Kurajica, Bojan"]
[Result "0-1"]
[WhiteElo "2355"]
[BlackElo "2545"]

1.e4 c5 2.Nf3 e6 3.d4 cxd4 4.Nxd4 a6 5.Nc3 Qc7 6.g3 Bb4 7.Bd2 Nc6 8.Nxc6 bxc6
9.Bg2 Nf6 10.O-O a5 11.a3 Be7 12.Re1 O-O 13.e5 Nd5 14.Ne4 f5 15.exf6 Nxf6
16.c4 Rb8 17.Qc2 Qb6 18.Bc3 Nxe4 19.Bxe4 h6 20.b4 axb4 21.axb4 Bxb4 22.Rab1 Qc5
23.Bh7+ Kh8  0-1

[Event "EU-chT (Women)"]
[Site "Pula"]
[Date "1997.??.??"]
[Round "4"]
[White "Mihevc, Narcisa"]
[Black "Fauland Borek, Jutta"]
[Result "1-0"]
[WhiteElo "2205"]
[BlackElo "2085"]

1.e4 c5 2.Nf3 e6 3.d4 cxd4 4.Nxd4 a6 5.Nc3 Qc7 6.g3 Nc6 7.Bg2 Nf6 8.O-O Nxd4
9.Qxd4 Bc5 10.Qd1 O-O 11.Bf4 d6 12.Na4 e5 13.Nxc5 dxc5 14.Bg5 Qb6 15.b3 h6
16.Bxf6 Qxf6 17.Qd5 Qe7 18.Rad1 Bg4 19.Qd6 Qxd6 20.Rxd6 Rad8 21.Rd5 Rxd5
22.exd5 Rd8 23.f4 exf4 24.Rxf4 Bc8 25.b4 cxb4 26.Rxb4 b5 27.a4 bxa4 28.Rxa4 Bb7
29.c4 Kf8 30.c5 Bxd5 31.Rd4 Bxg2 32.Rxd8+ Ke7 33.Rd6 Bb7 34.Kf2 Bc8 35.Ke3 a5
36.Kd4 a4 37.Kc4 Bd7 38.Ra6 Kd8 39.c6 Bc8 40.Rxa4 Kc7 41.Kc5  1-0